000 00244nam a2200109Ia 4500
008 190216s9999||||xx |||||||||||||| ||und||
100 _aNull
245 0 _aHindi-Adarm Thin Upanyas
260 _bBhasha Institute
650 _aHindi
942 _cBK
999 _c15393
_d15393